LEADER 01141nam a2200277 u 4500 001 000000001048 003 CaOOAMICUS 005 20070226104253.0 008 940527s1958 it u000 u ita u 035 $a10023986 040 $aPUL(R)$bita 110 1 $aItalia.$0(OLS)http://pul/name/1188 240 10$aLeggi, ecc.$9(Italia).$0(OLS)http://pul/title/1565 245 13$aLe costituzioni italiane /$ca cura di A. Aquarone, M. d'Addio, G. Negri. 260 $aMilano :$bEdizioni di Comunità,$c1958. 300 $axvi, 875 p. : ;$c26 cm 650 4$aDiritto costituzionale.$0(OLS)http://pul/subject/1174 700 1 $aNegri, G.$0(OLS)http://pul/name/1191 700 1 $aD'Addio, Mario,$d1923-$0(OLS)http://pul/name/1190 700 1 $aAcquarone, A.$0(OLS)http://pul/name/1189 850 $aPUL 852 $aPUL$W1$xDP2 Diritto e Scienze Sociali 1$y65$m175 A 2$j1365$nBK-PRI$qStampati$B1365$CPULBib$Z2$F1365 $H308 $82 941 1 $a8 961 $aINV: 308 996 $6245$aLe costituzioni italiane$9(OLS)http://pul/title/1566 996 $6260$aMilano :$bEdizioni di Comunità$9(OLS)http://pul/publisher/48252 LEADER 01304nam a2200289 a 4500 001 000000146077 003 CaOOAMICUS 005 20150928140221.0 008 150928s2015 fr u000 u fre r 020 $a978-2-204-10041-0 040 $aPUL$bita 100 1 $aPoulet, Frédérique.$0(OLS)http://pul/name/93481 245 10$aCélébrer l'Eucharistie après Auschwitz :$bpenser la théodicée sur un mode sacramentel /$cFrédérique Poulet ; préface de Joris Geldhof. 260 $aParis :$bCerf,$c2015. 300 $a373 p. ;$c22 cm 490 1 $aCogitatio fidei ;$v295 500 $aSul front.: Ouvrage ayant reçu le prix Jean et Maurice de Pange 2011. 504 $aBibliografia in nota. 650 4$aTeodicea.$0(OLS)http://pul/subject/5640 830 0$aCogitatio fidei ;$v295.$0(OLS)http://pul/title/876 850 $aPUL 852 $aPUL$W1$xSL Religione 2$y84$mTheol A13 295$j168993$qStampati Altre Collocazioni$q $B169729$CPULBib$Z2$F169729 $H126259 $81 941 1 $a10 996 $6020$a978-2-204-10041-0$9(OLS)http://pul/number/158724 996 $6245$aCélébrer l'Eucharistie après Auschwitz :$bpenser la théodicée sur un mode sacramentel$9(OLS)http://pul/title/184672 996 $6260$aParis :$bCerf$9(OLS)http://pul/publisher/48238